Obchodní společnosti v ČSFR.
Pojem a všeobecná charakteristika obchodných spoločností. Právne formy obchodných spoločností. Pramene právnej úpravy obchodných spoločností. Založenie a vznik obchodných spoločností. Zrušenie a zánik obchodných spoločností. Právne formy obchodných spoločností podľa obchodného zákonníka: komanditná...
Salvato in:
| Autore principale: | |
|---|---|
| Altri autori: | |
| Natura: | Capitolo di libro |
| Lingua: | ceco |
| Soggetti: | |
| Tags: |
Nessun Tag, puoi essere il primo ad aggiungerne!!
|
MARC
| LEADER | 00000naa a2200000 4500 | ||
|---|---|---|---|
| 001 | r006807 | ||
| 005 | 20221125075639.0 | ||
| 041 | 0 | |a cze | |
| 044 | |a [CS] | ||
| 245 | 1 | 0 | |a Obchodní společnosti v ČSFR. |c S. Stuna, J. Dědič |
| 520 | |a Pojem a všeobecná charakteristika obchodných spoločností. Právne formy obchodných spoločností. Pramene právnej úpravy obchodných spoločností. Založenie a vznik obchodných spoločností. Zrušenie a zánik obchodných spoločností. Právne formy obchodných spoločností podľa obchodného zákonníka: komanditná spoločnosť; spoločnosť s ručením obmedzeným; účastinná spoločnosť. | ||
| 610 | 2 | 0 | |a spoločnosti obchodné |
| 610 | 2 | 0 | |a predpisy právne |
| 610 | 2 | 0 | |a ČSFR |
| 100 | 1 | |a Stuna, S. | |
| 700 | 1 | |a Dědič, J. | |